• 首页
  • 本馆介绍
  • 公告通知
  • 最新文献
  • 馆藏检索
  • 电子资源
  • 读者导购
  • 参考咨询
  • 我的图书馆
  • 登录
  • 详细信息显示
  • 放入我的书架
  • 预约/预借图书
  • 作者相关作品
  • 分类相关作品
  • 丛书相关作品
  • 出版社相关作品

书目信息

  • 表格格式
  • 工作单格式
  • 卡片格式
题名:
基因伦理学
    
 
作者: 拜尔茨 , Bayertz 著 ;马怀琪 译
分册:  
出版信息: 北京   华夏出版社  2000
页数: 343页
开本: 20cm
丛书名: 思想进阶
单 册:
中图分类: R-052 , Q987
科图分类:
主题词: 人类基因--医学伦理学--研究 , 人类基因 , 医学伦理学
电子资源:
ISBN: 7-5080-2251-3
000 01080oam2 2200325 450
001 1537685054
005 20150130102900.54
010    @a7-5080-2251-3@dCNY16.00
100    @a20010310d2000 em y0chiy0110 ea
101 1  @achi@cger
102    @aCN@b110000
105    @ay z 000yy
200 1  @a基因伦理学@9ji yin lun li xue@e人的繁殖技术化带来的问题@f(德)库尔特·拜尔茨(Kurt Bayertz)著@g马怀琪译
210    @a北京@c华夏出版社@d2000
215    @a343页@d20cm
225 2  @a思想进阶
330    @a本书分为在自身进化的道路上、人之实体的破坏、主观能动性与自我改变三部分,包括优生学演变,人发本质,基因伦理学和生殖道德等。
461  0 @12001 @a思想进阶
510 1  @aGenEthik@zger
517 1  @a人的繁殖技术化带来的问题@9ren de fan zhi ji shu hua dai lai de wen ti
606 0  @a人类基因@x医学伦理学@x研究
606 0  @a人类基因
606 0  @a医学伦理学
690    @aR-052@v5
690    @aQ987@v5
701  1 @a拜尔茨@9bai er ci@bK.@4著
701  1 @aBayertz@bKurt@4著
702  0 @a马怀琪@9ma huai qi@4译
801  0 @aCN@bTSSF@c20150130
905    @aZUCC@dR-052@eJY313
    
    基因伦理学:人的繁殖技术化带来的问题/(德)库尔特·拜尔茨(Kurt Bayertz)著/马怀琪译.-北京:华夏出版社,2000
    343页;20cm.-(思想进阶)
    
    
    ISBN 7-5080-2251-3:CNY16.00
    本书分为在自身进化的道路上、人之实体的破坏、主观能动性与自我改变三部分,包括优生学演变,人发本质,基因伦理学和生殖道德等。
●
相关链接 在E读中查询图书 在五车中查询图书 在当当中查询图书 在豆瓣中查询图书


正题名:基因伦理学     索取号:R-052/JY313         预约/预借

序号 登录号 条形码 馆藏地/架位号 状态 备注
1 7862542   278625427   学院路分馆/ [索取号:R-052/JY313] 在馆    
2 7862543   278625436   学院路分馆/ [索取号:R-052/JY313] 在馆    
唐山师范学院图书馆 欢迎您!
大连网信软件有限公司© 版权所有